000
00318nam a2200121Ia 4500
005
20251222144748.0
008
251222s9999||||xx |||||||||||||| ||spa||
082
_a
657.458/E93
100
_a
Estrella Córdenas, Hober
245
0
_a
Organización de Papeles Trabajo:
264
_b
Ediciones San Francisco
942
_c
LIB
999
_c
19232
_d
19232